Statistics for Municipalities of Florence County, Wisconsin

Click here to take the quiz!

General Stats

  • This quiz has been taken 45 times
    (28 since last reset)
  • The average score is 6 of 10

Answers on the Map

Answers color-coded by a green-red scale on the quiz's map according to % correct below.
 

Answer Stats

Answer% Correct
Census Designated Place of Florence
83%
Town of Florence
83%
Town of Fern
67%
Census Designated Place of Long Lake
50%
Town of Aurora
50%
Town of Commonwealth
50%
Town of Fence
50%
Town of Homestead
50%
Town of Long Lake
50%
Town of Tipler
50%

Score Distribution

Percentile by Number Answered

Percent of People with Each Score

Your Score History

You have not taken this quiz since the last reset